| 000 | 01920nam a2200397 c 4500 | ||
|---|---|---|---|
| 003 | BLK | ||
| 005 | 20250528133429.0 | ||
| 008 | 180412b bul|||||r ||||||| ||bul|| | ||
| 010 | _aKNG00011282000 | ||
| 020 |
_a954-07-0739-0 _bиздат.: Унив. изд. Св. Климент Охридски |
||
| 040 | _aBLK | ||
| 041 |
_aBUL _cBUL |
||
| 080 |
_aСоциално поведение. Социална психология _b316.6 _x(497.2) _z316.6(497.2) |
||
| 080 |
_aСоциална диференциация. Социално разслоение _b316.34 _x(497.2) _z316.34(497.2) |
||
| 080 |
_aПсихология на расата. Народопсихология _b159.922.4 _x(=867) _z159.922.4(=867) |
||
| 080 |
_aОбществен живот. Народен бит _b394 _x(497.2)(091) _z394(497.2)(091) |
||
| 100 | 1 |
_aХаджийски, Иван Минков _eпърви автор _9254887 |
|
| 139 |
_aХаджийски, Иван Минков _bХ 15 |
||
| 245 | 1 | 0 |
_aБит и душевност на нашия народ _cИван Минков Хаджийски. |
| 257 | _aBGR | ||
| 260 |
_аСофия _bУнив. изд. Св. Климент Охридски _c1995 - |
||
| 300 |
_a591 с. _c23 см |
||
| 380 | _a3 | ||
| 490 | 1 | _aБиблиотека Идеи | |
| 500 | _aДеп. списък: 6. - Библиогр. с. 456-457. - Геогр. руб.: България. | ||
| 504 | _a456-457 | ||
| 650 | 4 |
_aБългари - народопсихология и бит _9254888 |
|
| 650 | 4 |
_aБългари - социална психология _9254889 |
|
| 650 | 4 |
_aЗанаятчийство - България - история _9254890 |
|
| 852 | _aЦб 184577 | ||
| 856 | 4 |
_qpdf _u |
|
| 856 | 4 |
_qpdf _u |
|
| 942 |
_cKNG _n0 _010 |
||
| 944 |
_aCR _c15.01.2003 _k30576 _lЦветомила Тодорова |
||
| 944 |
_aED _c24.04.2015 _kВиолета_Тройчева |
||
| 999 |
_c9845 _d9845 |
||